Statistics for Country to a Thing

Click here to take the quiz!

General Stats

  • This quiz has been taken 960 times
  • The average score is 11 of 16

Answer Stats

ThingCountry% Correct
ChampagneFrance
93%
BasketballUnited States
93%
HieroglyphsEgypt
91%
KimchiSouth and North Korea
90%
LegoDenmark
89%
SaunaFinland
88%
VolvoSweden
81%
GolfUnited Kingdom
76%
Christmas treeGermany / Latvia / Estonia
75%
Banknote (paper currency)China
59%
MojitoCuba
58%
Periodic tableRussia
57%
Rubik's cubeHungary
49%
OnsenJapan
43%
ButtonIndia
13%
Gas maskIran
5%

Score Distribution

Percentile by Number Answered

Percent of People with Each Score

Your Score History

You have not taken this quiz